000 00943nam a2200265Ia 4500
003 OSt
005 20220923211026.0
006 a|||||r|||| 00| 0
007 ta
008 220922b |||||||| |||| 00| 0 hin d
020 _a8170558220 (hbk)
_c200
024 _a240,885
037 _b470, 23/02/2010, Vani Prakashan
_cTextual
040 _aARTS
_cARTS
_bhin
041 _2hin
_ahin
082 _aO152,3N36x, P1
100 _aदूधनाथ सिंह
_9157296
245 0 _aधर्मक्षेत्रे कुरूक्षेत्रे
246 _aDharmakṣhetre kurūkṣhetre
260 _aनयी दिल्ली
_b वाणी प्रकाशन
_c2001
300 _a136पृ.
_ccm.
650 _aहिन्दी साहित्य
_9156264
942 _hO152,3N36x, P1
_cTEXL
_2CC
999 _c294118
_d294118